000 00489nam a2200133Ia 4500
008 200925s9999 xx 000 0 und d
020 _a978-971-0391-92-9
100 _aAlicay, Calixto B.
245 _cCalixto B. Alicay.--
_aResearch methods and techniques /
260 _aQuezon City :
_bGreat Books Trading
_c2014
300 _ax , 171 pages :
_billustrations ;
_c22 cm.
650 _aAcademic writing -- Study and teaching.
650 _aResearch -- Methodology -- Handbooks, manuals, etc.
999 _c364495
_d364495